Teach yourself Windows CE in 24 hours / (Record no. 180499)

000 -LEADER
fixed length control field 00805 a2200217 4500
003 - CONTROL NUMBER IDENTIFIER
control field Nust
005 - DATE AND TIME OF LATEST TRANSACTION
control field 20221006103210.0
010 ## - LIBRARY OF CONGRESS CONTROL NUMBER
LC control number 97065463
020 ## - INTERNATIONAL STANDARD BOOK NUMBER
International Standard Book Number 0672310651
035 ## - SYSTEM CONTROL NUMBER
System control number (OCoLC)37378638
040 ## - CATALOGING SOURCE
Transcribing agency Nust
082 00 - DEWEY DECIMAL CLASSIFICATION NUMBER
Classification number 005.42,HAY
100 1# - MAIN ENTRY--PERSONAL NAME
Personal name Hayden, David,
9 (RLIN) 99239
245 10 - TITLE STATEMENT
Title Teach yourself Windows CE in 24 hours /
Statement of responsibility, etc. David Hayden.
250 ## - EDITION STATEMENT
Edition statement 1st ed.
260 ## - PUBLICATION, DISTRIBUTION, ETC.
Place of publication, distribution, etc. Indianapolis :
Name of publisher, distributor, etc. SAMS,
Date of publication, distribution, etc. c1997.
300 ## - PHYSICAL DESCRIPTION
Extent xviii, 217 p. :
Other physical details ill. ;
Dimensions 24 cm.
505 ## - FORMATTED CONTENTS NOTE
Formatted contents note Part:1 Getting Started in the Morning (Page-1), Part-II Getting Organized in the Afternoon (Page-61), Documents and Spreadsheet of Dinner (Page-93), Part-IV Communicating into the Night (Page-137),Part-V Burning the Midnight Oil (Page-191).
650 #0 - SUBJECT ADDED ENTRY--TOPICAL TERM
Topical term or geographic name entry element Operating systems (Computers)
942 ## - ADDED ENTRY ELEMENTS (KOHA)
Source of classification or shelving scheme
Koha item type Book
Call number prefix 005.42,HAY
Holdings
Withdrawn status Lost status Source of classification or shelving scheme Damaged status Not for loan Permanent Location Current Location Shelving location Date acquired Full call number Barcode Date last seen Price effective from Koha item type Public note
          Military College of Signals (MCS) Military College of Signals (MCS) General Stacks 12/12/2016 005.42, HAY MCS26617 12/08/2016 12/12/2016 Book Almirah No.6, Shelf No.1
© 2023 Central Library, National University of Sciences and Technology. All Rights Reserved.